World without end /

Bibliographic Details
Main Author: Thomas, Helen, 1877-1967
Format: Book
Language:English
Published: New York : Harper & brothers, 1931.
Edition:1st ed.
Subjects:

MARC

Tag First Indicator Second Indicator Subfields
LEADER 00000cam a2200000Ia 4500
001 in00002464607
005 20151110093355.0
008 750428s1931 nyu 000 0 eng
010 |a  31004266  
019 |a 2566615 
029 1 |a AU@  |b 000009408639 
029 1 |a AU@  |b 000027630088 
035 |a (OCoLC)ocm01299705 
035 |a (OCoLC)1299705  |z (OCoLC)2566615 
040 |a DLC  |c IWU  |d OCL  |d OCLCQ  |d OCLCG  |d CLU  |d TXA  |d UtOrBLW 
049 |a TXAM 
050 0 4 |a PR6039.H55  |b Z83 1931 
082 0 |a 928.2 
090 |a PR6039.H55  |b Z834 1931 
100 1 |a Thomas, Helen,  |d 1877-1967. 
245 1 0 |a World without end /  |c by Helen Thomas. 
250 |a 1st ed. 
264 1 |a New York :  |b Harper & brothers,  |c 1931. 
300 |a 218 pages ;  |c 23 cm. 
336 |a text  |b txt  |2 rdacontent 
337 |a unmediated  |b n  |2 rdamedia 
338 |a volume  |b nc  |2 rdacarrier 
500 |a Includes "As it was", the author's story of her life with her husband, Edward Thomas. 
500 |a Cushing Library Lit./Thomas copy accompanied by an autograph letter signed from the London booksellers, W. & G. Foyle Ltd., offering (apparently) this copy of the book to the American collector C.H. Pforzheimer in 1932. Also accompanied by a typed note signed on company letterhead from the publisher Alfred A. Knopf to Mr. Pforzheimer. 
541 0 |a Donated by J. Lawrence Mitchell  |d 20150828 
600 1 0 |a Thomas, Edward,  |d 1878-1917. 
994 |a C0  |b TXA 
948 |a cataloged  |b h  |c 2009/4/14  |d c  |e mzajicek  |f 2:51:40 pm 
999 |a MARS 
999 f f |s 6397d7a8-02fc-34e9-80d5-d47975f22319  |i 2549c87d-800c-3e07-a515-32e268922d74  |t 0 
952 f f |p noncirc  |a Texas A&M University  |b College Station  |c Cushing Memorial Library & Archives  |d Cushing: Literature/Edward Thomas (Does not check out)  |t 0  |e PR6039.H55 Z834 1931  |h Library of Congress classification  |i unmediated -- volume 
998 f f |a PR6039.H55 Z834 1931  |t 0  |l Cushing: Literature/Edward Thomas (Does not check out)